| 000 | 00371nam a2200145Ia 4500 | ||
|---|---|---|---|
| 008 | 230312s9999||||xx |||||||||||||| ||und|| | ||
| 020 | _a978-81-317-0208 | ||
| 082 |
_a621.381 _bSIM-A |
||
| 100 | _aHubbard,Maureen | ||
| 245 | 0 | _aProblem Solving and Programming concepts | |
| 260 |
_bPearson _aIndia _c1997 |
||
| 300 | _a790 | ||
| 650 |
_aComputer _vComputer |
||
| 942 | _cBK | ||
| 999 |
_c15656 _d15656 |
||